00927nam a2200193 a 450000500170000000800410001702000180005804000270007604100080010304400070011124501300011826000500024830001150029850000910041365000520050465000500055671000650060671000620067120161118142231.0161118s2014 ck abd||r|||| 00| 0 spa d a9789588758978 aCO-BoIAVH cCO-BoIAVH 0 aspa ack00aVulnerabilidad de la región capital a los efectos del cambio climático : bOpciones para la adaptación / cIDEAM y PNUD aBogotá, Colombia : bIDEAM : bPNUD,c2014. a20 páginas aproximadamente sin numerar : bilustraciones a color, mapas, gráficas y tablas ; c23 x 23 cm. aPlan Regional Integral de Cambio Climático Región Capital Bogotá - Cundinamarca.26aCambio climáticoxRiesgozBogotá (Colombia)26aBiodiversidadxpérdidazBogotá (Colombia)2 aInstituto de Hidrologia, Metereologia y Estudios Ambientales2 aPrograma de las Naciones Unidas para el Desarrollo (PNUD)